Japanese Cities in Winter - Statistics

General Stats
  • This quiz has been taken 20 times
  • The average score is 7 of 9
Answer Stats
Picture Answer % Correct
Kyoto
94%
Tokyo
94%
Nara
89%
Hiroshima
83%
Osaka
83%
Sapporo
78%
Kanazawa
67%
Himeji
61%
Tottori
56%
No matching quizzes found
Score Distribution
Percent of People with Each Score
Percentile by Number Answered
Your Score History
You have not taken this quiz